000 00471nam a2200169Ia 4500
005 20250508162815.0
008 008 250505s9999 xx 000 0 hin d
037 _aTextual
040 _aFEDL
_beng
_cFEDL
041 _ahin
_2eng
084 _a371.271, ASS
_qFEDL
245 0 _aPrashan bank : Itihas
260 _aNew Delhi, India
_bBhartiya Viswavidhalaya Sangh
300 _axxi,376p.
942 _cTEXL
_h371.271, ASS
999 _c1378810
_d1378810